Anagrams - US Cities - Statistics

General Stats
  • This quiz has been taken 530 times
  • The average score is 11 of 20
Answer Stats
anagram city % Correct
all sad Dallas
95%
vd neer Denver
85%
wonkyer New York
81%
oj snack Jackson
67%
crass fan icon San Francisco
67%
le taste Seattle
66%
da hippie hall Philadelphia
60%
saw nothing Washington
60%
dottier Detroit
58%
demonises Des Moines
49%
lavish len Nashville
48%
we um alike Milwaukee
46%
trod plan Portland
46%
i at sun Austin
45%
hence yen Cheyenne
42%
a noon saint San Antonio
39%
javelin locks Jacksonville
38%
pen divorce Providence
33%
talky elastic Salt Lake City
28%
canoer hag Anchorage
17%
No matching quizzes found
Score Distribution
Percent of People with Each Score
Percentile by Number Answered
Your Score History
You have not taken this quiz